| 000 | 00836nam a2200253 a 4500 | ||
|---|---|---|---|
| 001 | 000040721 | ||
| 005 | 20201002034330.0 | ||
| 008 | 130905s2006 sp 001 0 spa d | ||
| 020 | _a9788447102600 | ||
| 040 |
_aDO-SdBNP _bspa _cBNPHU |
||
| 082 |
_a770.92 _bS587m |
||
| 100 | 1 |
_aSilverstone, Marilyn _d1929-1999 _967113 |
|
| 245 | 1 | 0 |
_aMarilyn Silverstone / _cMarilyn Silverstone ; texto Alessandra Mauro. |
| 260 |
_aMadrid : _bSalvat, _c2006. |
||
| 300 |
_a48 p. + 1 Lám ; _c26 cm. |
||
| 490 | 1 | _aGrandes fotógrafos | |
| 504 | _aIncluye indice de fotografías | ||
| 600 | 1 | 4 |
_aSILVERSTONE, MARILYN _d1929-1999 _967114 |
| 650 | 4 |
_aFotógrafos _zGran-Bretaña _967115 |
|
| 700 | 1 | 2 |
_aMauro, Alessandra _967116 |
| 710 | 2 |
_aMagnum Photos _967117 |
|
| 830 | 0 |
_aGrandes Fotógrafos _967118 |
|
| 910 | _aValidado. Control de calidad MFF | ||
| 999 |
_c40211 _d40211 |
||